ARRUPE JESUIT UNIVERSITY

CORONAVIRUS -STOP THE SPREAD - CLEAN,DISINFECT,COVER

The Cambridge companion to Aristotle's politics / (Record no. 129114)

MARC details
000 -LEADER
fixed length control field 01270cam a2200301 i 4500
001 - CONTROL NUMBER
control field 17688780
003 - CONTROL NUMBER IDENTIFIER
control field ARRUPE
005 - DATE AND TIME OF LATEST TRANSACTION
control field 20190305103951.0
008 - FIXED-LENGTH DATA ELEMENTS--GENERAL INFORMATION
fixed length control field 130408s2013 nyu b 001 0 eng
010 ## - LIBRARY OF CONGRESS CONTROL NUMBER
LC control number 2013007955
020 ## - INTERNATIONAL STANDARD BOOK NUMBER
International Standard Book Number 9781107004689 (hardback)
020 ## - INTERNATIONAL STANDARD BOOK NUMBER
International Standard Book Number 9780521181112 (paperback)
040 ## - CATALOGING SOURCE
Original cataloging agency DLC
Language of cataloging eng
Transcribing agency DLC
Description conventions rda
Modifying agency DLC
042 ## - AUTHENTICATION CODE
Authentication code pcc
050 00 - LIBRARY OF CONGRESS CALL NUMBER
Classification number JC71.A7
Item number C37 2013
082 00 - DEWEY DECIMAL CLASSIFICATION NUMBER
Classification number 320.1
Edition number 23
300 ## - PHYSICAL DESCRIPTION
Dimensions 23 cm
245 04 - TITLE STATEMENT
Title The Cambridge companion to Aristotle's politics /
Statement of responsibility, etc edited by Marguerite Deslauriers, McGill University and Pierre Destrée, University of Louvain.
260 ## - PUBLICATION, DISTRIBUTION, ETC. (IMPRINT)
Place of publication, distribution, etc Cambridge
Name of publisher, distributor, etc Cambridge University Press
Date of publication, distribution, etc 2013
300 ## - PHYSICAL DESCRIPTION
Extent xv, 426 p. ;
504 ## - BIBLIOGRAPHY, ETC. NOTE
Bibliography, etc Includes bibliographical references and indexes.
600 00 - SUBJECT ADDED ENTRY--PERSONAL NAME
Personal name Aristotle.
Title of a work Politics.
9 (RLIN) 44949
650 #0 - SUBJECT ADDED ENTRY--TOPICAL TERM
Topical term or geographic name as entry element Political science
Form subdivision Early works to 1800.
9 (RLIN) 7011
700 1# - ADDED ENTRY--PERSONAL NAME
Personal name Deslauriers, Marguerite,
Dates associated with a name 1956-
9 (RLIN) 44950
906 ## - LOCAL DATA ELEMENT F, LDF (RLIN)
a 7
b cbc
c orignew
d 1
e ecip
f 20
g y-gencatlg
942 ## - ADDED ENTRY ELEMENTS (KOHA)
Source of classification or shelving scheme Library of Congress Classification
Koha item type Monograph ( Printed materials)
Holdings
Withdrawn status Lost status Source of classification or shelving scheme Damaged status Not for loan Collection code Home library Current library Shelving location Date acquired Total Checkouts Full call number Barcode Date last seen Date checked out Price effective from Koha item type
    Library of Congress Classification     Main Collection ARRUPE LIBRARY ARRUPE LIBRARY Main Collection 05/03/2019 1 JC71.A7 C37 2013 46600004054 14/08/2019 16/07/2019 05/03/2019 Monograph ( Printed materials)

 

Arrupe Library. PO Box MP320 Mt Pleasant, Harare, Zimbabwe
263 242 745411|librarian@aju.ac.zw